000 00439nam a2200205Ia 4500
001 003904
003 YMCAF
005 20230512160238.0
008 100717s1974 ||||||||||||||||| ||und|d
024 _a3904
035 _a3909
040 _aYMCAF
_beng
_cIN-KoLT
041 _aeng
082 _aSAM-CUR
100 _aCURRICULUM DEV
245 0 _aSAMPLE TEST ITEMS IN ENGG. MEDAM
260 _c1974
300 _a118
942 _2ddc
_cBK
999 _c3101
_d3101